000 00363nam a22001457a 4500
003 LK-CoDNM
005 20240903103854.0
008 240903b |||||||| |||| 00| 0 eng d
040 _aLK-CoDNM
_dLK-CoDNM
_eLK-CoDNM
080 _bMP 199
245 _aSpolia Zeylanica
260 _aColombo
_bGovernment press
_c1911
300 _bxiv, 222p. ; 24 cm
942 _cBK
999 _c150572
_d150572